000 00913cac a22002175a 4500
001 L141114
008 071029i18051807xxk eng u
035 _a(Sirsi) u141114
041 0 _aeng
100 1 _aSmith, William
245 0 1 _a[Collection of auction bills relating to the sale of properties in Lincolnshire by William Smith]
260 _aS.l.
_bs.n.
_c[1805] and [1807]
300 _a2 sheets
_c16 x 18 and 17 x 19 cm. +
_e2 leaves (21 x 13 cm.)
340 _aPrinted
351 _cFonds
500 _aSales are of a freehold estate situated in Leadenham, to be sold on 22 October 1805 and a freehold messuage situated in Navenby, to be sold on 19 December 1807.
500 _aItems accompanied by a letter from the donor, Thomas Smith dated 12 February 1907.
651 4 _aLincolnshire
690 _aPROPERTY-PROPERTY ACQUISITION AND DISPOSAL-ACQUISITION AND DISPOSAL AT AUCTION
942 _n0
999 _c116602
_d116602